| 000 | 00657nam a22001937a 4500 | ||
|---|---|---|---|
| 999 |
_c527371 _d527371 |
||
| 003 | NUST | ||
| 005 | 20190725112535.0 | ||
| 008 | 190725b ||||| |||| 00| 0 eng d | ||
| 038 | _aMr. Noman | ||
| 082 | _a620.005 | ||
| 100 |
_aSaleem, Muhammad _98369 |
||
| 245 |
_aAnalysis of key factors affecting kaizen and development of framework for its effective implementation in Automobile sector of Pakistan / _cMuhammad Saleem. |
||
| 260 |
_aIslamabad: _bCEME - NUST, _c2015. |
||
| 300 |
_axxxiv, 397 p.: ill.; _c35cm. |
||
| 500 | _aHardcover. | ||
| 650 |
_aEngineering Managment PhD Thesis. _918464 |
||
| 700 |
_aDr. Nawar Khan. _918465 |
||
| 942 |
_2ddc _cTHE |
||